| 000 | 00701nam a2200253 i 4500 | ||
|---|---|---|---|
| 001 | 66831 | ||
| 003 | ES-MaACL | ||
| 005 | 20230906165845.0 | ||
| 007 | t| | ||
| 008 | 030714s2003 sp ||||0| spa d | ||
| 020 | _a84-344-1218-7 | ||
| 040 |
_aM-BN _bspa _cM-BN |
||
| 080 | _a1 | ||
| 100 | 1 |
_aAyllón, José Ramón. _924165 |
|
| 245 | 1 | 0 |
_aFilosofía mínima / _cJosé Ramón Ayllón Vega. |
| 250 | _a1ª ed. | ||
| 260 |
_aBarcelona : _bAriel, _c2003. |
||
| 300 |
_a322 p. ; _c23 cm. |
||
| 490 | 1 | _aAriel Bachillerato | |
| 650 | 1 | 4 |
_aFilosofía- _vObras de divulgación. _912819 |
| 830 | 0 |
_aAriel Bachillerato _9230843 |
|
| 852 |
_aES-MaACL _jL-27322 _bR.132967 |
||
| 999 |
_c66831 _d66831 |
||